Départements français et numéros (AVEC CARTE) - Statistiques

Statistiques générales
  • Ce quiz a été pris 4 150 fois
  • Le résultat moyen est 50 sur 101
Réponses sur la Carte
Les réponses sont colorées sur une échelle allant du rouge au vert en fonction du pourcentage des utilisateurs qui les ont devinées à leur premier essai. Vous pouvez retrouver ces pourcentages ci-dessous.
 
Statistiques - réponses
Départements % Correct
01 Ain
91%
03 Allier
84%
07 Ardèche
74%
75 Paris
74%
02 Aisne
69%
69 Rhône (et métropole de Lyon)
68%
2A Corse-du-Sud
67%
2B Haute-Corse
67%
15 Cantal
66%
93 Seine-Saint-Denis
64%
10 Aube
63%
11 Aude
61%
13 Bouches-du-Rhône
61%
06 Alpes-Maritimes
59%
08 Ardennes
59%
42 Loire
59%
92 Hauts-de-Seine
59%
22 Côtes-d'Armor
58%
26 Drôme
58%
29 Finistère
58%
94 Val-de-Marne
58%
14 Calvados
57%
38 Isère
57%
73 Savoie
57%
74 Haute-Savoie
57%
95 Val-d'Oise
57%
04 Alpes-de-Haute- Provence
56%
09 Ariège
56%
21 Côte-d'Or
56%
59 Nord
56%
77 Seine-et-Marne
56%
78 Yvelines
56%
91 Essonne
56%
12 Aveyron
55%
43 Haute-Loire
54%
05 Hautes-Alpes
53%
33 Gironde
53%
35 Ille-et-Vilaine
53%
17 Charente-Maritime
52%
16 Charente
51%
18 Cher
51%
25 Doubs
51%
56 Morbihan
51%
83 Var
51%
34 Hérault
49%
60 Oise
49%
84 Vaucluse
49%
45 Loiret
48%
50 Manche
48%
62 Pas-de-Calais
47%
63 Puy-de-Dôme
47%
90 Territoire de Belfort
47%
19 Corrèze
46%
39 Jura
46%
44 Loire-Atlantique
46%
27 Eure
45%
30 Gard
45%
67 Bas-Rhin
45%
89 Yonne
45%
971 Guadeloupe
45%
972 Martinique
45%
23 Creuse
44%
24 Dordogne
44%
28 Eure-et-Loir
44%
31 Haute-Garonne
44%
37 Indre-et-Loire
44%
57 Moselle
44%
68 Haut-Rhin
44%
76 Seine-Maritime
44%
88 Vosges
44%
974 La Réunion
44%
32 Gers
43%
36 Indre
43%
80 Somme
43%
85 Vendée
43%
40 Landes
42%
51 Marne
42%
54 Meurthe-et-Moselle
42%
55 Meuse
42%
41 Loir-et-Cher
41%
64 Pyrénées-Atlantiques
41%
66 Pyrénées-Orientales
41%
973 Guyane
41%
52 Haute-Marne
40%
61 Orne
40%
86 Vienne
39%
58 Nièvre
38%
87 Haute-Vienne
37%
49 Maine-et-Loire
36%
53 Mayenne
36%
65 Hautes-Pyrénées
36%
71 Saône-et-Loire
36%
976 Mayotte
36%
46 Lot
35%
70 Haute-Saône
35%
72 Sarthe
35%
47 Lot-et-Garonne
34%
48 Lozère
33%
81 Tarn
32%
82 Tarn-et-Garonne
31%
79 Deux-Sèvres
29%
Aucun quiz correspondant
Distribution des résultats
% des personnes avec chaque résultat
Percentile par nombre de réponses
Votre historique - résultats
Vous n’avez pas pris ce quiz